00516nam a2200181 a 450000100080000000500110000800800410001910000170006024500820007726000520015930000100021150000200022165300120024165300270025365300120028065300200029265300220031210117582008-07-02 1995 bl uuuu m 00u1 u #d1 aVIDOR, M. A. aMicropropagacion de Hyacinthus amethystina cv. Albusbestudos morfogeneticos. aMadrid: Universidad Politecnica de Madridc1995 a253p. aTese doutorado. aCULTIVO aHYACINTHUS AMETHYSTINA aJACINTO aMICROPROPAGACAO aPLANTA ORNAMENTAL